| 000 | 00464nam a22001697a 4500 | ||
|---|---|---|---|
| 005 | 20230114112032.0 | ||
| 008 | 220209b ||||| |||| 00| 0 eng d | ||
| 020 | _a978-93-90596-85-0 | ||
| 041 | _aeng | ||
| 082 | _a668.55 | ||
| 100 |
_aPATHAK, DR. KAMLA AND VAIDYA, DR. ANKUR _97023 |
||
| 245 | _aCOSMETIC SCIENCE: CONCEPTS AND PRINCIPLES [SEM-VIII] | ||
| 260 |
_aPUNE _bNIRALI PRAKASHAN |
||
| 300 | _a14-19 | ||
| 650 |
_aPHARMACY _xB.PHARMS _97470 |
||
| 942 | _cBK | ||
| 999 |
_c7887 _d7885 |
||